Stati con più Ebrei in Africa - Statistics

Statistiche generali
  • Questo quiz è stato fatto 13 volte
  • Il punteggio medio è 8 su 11
Statistiche sulle risposte
Ebrei (in numeri assoluti) Stato % Corretto
2 100 Marocco
100%
52 3000 Sudafrica
100%
100 Egitto
92%
1 000 Tunisia
92%
100 Etiopia
85%
300 Kenya
69%
100 Nigeria
69%
100 Namibia
62%
100 Repubblica Democratica del Congo
62%
200 Zimbabwe
38%
100 Botswana
31%
Nessun quiz corrispondente trovato
Distribuzione punteggi
Percentuale di utenti per punteggio
Percentile per numero di risposta
I tuoi punteggi nel tempo
Non hai fatto questo quiz